|
|
|
|
| LEADER |
03164nam a2200469 4500 |
| 001 |
ocn910167543 |
| 003 |
OCoLC |
| 005 |
20180501122025.0 |
| 006 |
m o d |
| 007 |
cr cnu---unuuu |
| 008 |
150527s2015 ne a ob 001 0 eng d |
| 040 |
|
|
|a OPELS
|b eng
|e rda
|e pn
|c OPELS
|d OCLCF
|d CNCGM
|d ORE
|d N$T
|d EBLCP
|d DEBSZ
|d IDEBK
|d YDXCP
|d E7B
|d OCLCQ
|d MEU
|d GrThAP
|
| 019 |
|
|
|a 910964265
|a 912324944
|
| 020 |
|
|
|a 9780128033272
|
| 020 |
|
|
|a 0128033274
|
| 020 |
|
|
|a 9780128032954
|
| 020 |
|
|
|a 0128032952
|
| 035 |
|
|
|a (OCoLC)910167543
|z (OCoLC)910964265
|z (OCoLC)912324944
|
| 050 |
|
4 |
|a QH602
|b .L57 2015eb
|
| 072 |
|
7 |
|a SCI
|x 007000
|2 bisacsh
|
| 082 |
0 |
4 |
|a 572/.577
|2 23
|
| 049 |
|
|
|a TEFA
|
| 245 |
0 |
0 |
|a Lipid Domains /
|c edited by Anne K. Kenworthy.
|
| 264 |
|
1 |
|a Amsterdam :
|a Waltham :
|b Academic Press,
|c 2015.
|
| 300 |
|
|
|a 1 online resource (1 volume :
|b illustrations (mostly color)).
|
| 336 |
|
|
|a text
|b txt
|2 rdacontent
|
| 337 |
|
|
|a computer
|b c
|2 rdamedia
|
| 338 |
|
|
|a online resource
|b cr
|2 rdacarrier
|
| 490 |
1 |
|
|a Current topics in membranes ;
|v volume 75
|
| 546 |
|
|
|a Text in English.
|
| 500 |
|
|
|a Includes index.
|
| 588 |
0 |
|
|a Online resource; title from title details screen (ScienceDirect, viewed May 27, 2015).
|
| 504 |
|
|
|a Includes bibliographical references and index.
|
| 505 |
0 |
|
|a Supported lipid bilayers as models for studying membrane domains / Volker Kiessling, Sung-Tae Yang and Lukas K. Tamm -- Giant plasma membrane vesicles: models for understanding membrane organization / Kandice R. Levental and Ilya Levental -- Dances with membranes: breakthroughs from super-resolution imaging / Nikki M. Curthoys, Matthew Parent, Michael Mlodzianoski, Andrew J. Nelson, Jennifer Lilieholm, Michael B. Butler, Matthew Valles and Samuel T. Hess -- The nanoscale organisation of signaling domains at the plasma membrane / Juliette Griffie, Garth Burn and Dylan M. Owen -- Mechanisms underlying anomalous diffusion in the plasma membrane / Diego Krapf -- N-3 polyunsaturated fatty acids, lipid microclusters, and Vitamin E / Saame Raza Shaikh, Stephen R. Wassall, David A. Brown and Rasagna Kosaraju -- Raft-like membrane domains in pathogenic microorganisms / Amir M. Farnoud, Alvaro M. Toledo, James B. Konopka, Maurizio Del Poeta and Erwin London -- Trafficking and membrane organization of GPI-anchored proteins in health and diseases / Simona Paladino, Stéphanie Lebreton and Chiara Zurzolo -- Recent progress in the topology, structure, and oligomerization of caveolin: a building block of caveolae / Kyle T. Root, Sarah M. Plucinsky and Kerney Jebrell Glover.
|
| 650 |
|
0 |
|a Lipid membranes
|x Research.
|
| 650 |
|
0 |
|a Membrane proteins
|x Research.
|
| 650 |
|
0 |
|a Membranes (Biology)
|x Mechanical properties.
|
| 655 |
|
4 |
|a Electronic books.
|
| 700 |
1 |
|
|a Kenworthy, Anne K.,
|e editor.
|
| 776 |
0 |
8 |
|i Print version:
|t Lipid domains.
|b First edition.
|d Amsterdam, [Netherlands] : Academic Press, ©2015
|h xxii, 350 pages
|k Current topics in membranes ; Volume 75
|x 1063-5823
|z 9780128032954
|
| 830 |
|
0 |
|a Current topics in membranes ;
|v v. 75.
|
| 856 |
4 |
0 |
|u https://www.sciencedirect.com/science/bookseries/10635823/75
|z Full Text via HEAL-Link
|